| 000 | 00414nam a2200181Ia 4500 | ||
|---|---|---|---|
| 001 | 7547 | ||
| 005 | 20260306160503.0 | ||
| 008 | 260306t2011||||xx |||||||||||||| ||spa|| | ||
| 041 | _aESP | ||
| 082 |
_a339.460985 _bA66 |
||
| 100 |
_aAramburĂș, Carlos Eduardo _eAUT |
||
| 245 | 0 | _aPolĂticas sociales y pobreza | |
| 260 | _c2011 | ||
| 300 |
_a _c |
||
| 650 | _aGEN | ||
| 654 | _aCAN | ||
| 942 |
_cLIB _dJUS _fJUS _2ddc _n |
||
| 999 |
_c7547 _d7547 |
||